• Sanz Sancho, Iluminado,

di Personal Name

Records bibliografici associati: 1

001 - CONTROL NUMBER

  • control field: 31470

003 - CONTROL NUMBER IDENTIFIER

  • control field: IT-RoINE

005 - DATE AND TIME OF LATEST TRANSACTION

  • control field: 20170223121418.0

008 - FIXED-LENGTH DATA ELEMENTS

  • fixed length control field: 170223|| aca||aabn | a|a d

040 ## - CATALOGING SOURCE

  • Original cataloging agency: IT-RoINE
  • Transcribing agency: IT-RoINE

100 ## - HEADING--PERSONAL NAME

  • Personal name: Sanz Sancho, Iluminado,
  • Dates associated with a name: 1946-

670 ## - SOURCE DATA FOUND

  • Source citation: Work cat.: (IT-RoINE)0: Sanz Sancho, Iluminado, 1946-, Geografía del Obispado de Córdoba en la baja edad media /, 1995.